Statistics for African countries with national airlines.

Click here to take the quiz!

General Stats

  • This quiz has been taken 10 times
  • The average score is 12 of 21

Answer Stats

CountryAirline% Correct
EthiopiaEthiopian Airlines
100%
SenegalAir Senegal
88%
MoroccoRoyal Air Maroc
88%
South AfricaSouth African Airlines
88%
MauritiusAir Mauritius
75%
EgyptEgyptair
75%
KenyaKenya Airways
75%
TunisiaTunisair
75%
MadagascarAir Madagascar
63%
NamibiaAir Namibia
63%
TanzaniaAir Tanzania
63%
RwandaRwandair
63%
UgandaUganda Airlines
63%
Ivory CoastAir Cote'D'Ivoire
50%
MauritaniaMauritania Airlines
50%
SeychellesAir Seychelles
38%
LibyaLibyan Airlines
38%
Cape VerdeAIr Cabo Verde
25%
CameroonCameroon Airways
25%
DjiboutiDjibouti Airlines
25%
AlgeriaAir Algiers
13%

Score Distribution

Percentile by Number Answered

Percent of People with Each Score

Your Score History

You have not taken this quiz